| 000 | 00473nam a2200181Ia 4500 | ||
|---|---|---|---|
| 001 | 22345 | ||
| 003 | GE_BSU | ||
| 008 | 181216s||||||||xx |||||||||||||| ||und|| | ||
| 040 | _cGE_BSU | ||
| 245 | _aParis Match, du 15 au 21 mars. №3592. 2018 | ||
| 260 | _aParis | ||
| 260 | _c2018 | ||
| 300 | _a118 p. 30 cm. ill. | ||
| 653 | _aParis Match, du 15 au 21 mars. №3592. 2018 | ||
| 653 | _aПериодика | ||
| 653 | _aპერიოდიკა | ||
| 942 | _cCR | ||
| 999 |
_c55269 _d55269 |
||